000 00795nam a22002657a 4500
001 BR7326252
003 BR-BrBNA
005 20230928084353.0
007 ta
008 230509b bl.||||| |||| 00| 0 por d
040 _aBR-BrBNA
_bpor
_cBiblioteca Nacional de Agricultura
041 _a(Por)
072 _aF00
_b1500
_b1600
_b1700
090 _ 1500 BR7326252
100 1 _aDecker, J.S.
110 1 _aSecretaria da Agricultura, Industria e Comercio do Estado de Sao Paulo, Sao Paulo (Brasil). Diretoria de Publicidade Agricola
245 1 _aConselhos praticos para a cultura das hortalicas
250 1 _a5. ed.
260 3 _aSao Paulo, SP (Brasil):
_c1943.
300 _a167 p.
650 _aTUBERCULO
650 _aHORTALICA
909 _a202309
_bLucia
_c55
_dLucia Elande
942 _cBK
999 _c18483
_d18483